000 00692nam a2200217 a 4500
008
049 _aMAIN
090 _aTS875 LIU
110 _aSADCC Forest Industries Centre Regional Africa
245 1 0 _aIntroduction to Particleboard Technology /
_c SADCC Forest Industries Centre Regional Africa.
260 _aRome :
_bFood and Agriculture Organisation,
_c1990
300 _a56 p. :
_bill. ;
_c30 cm.
500 _aBased on the work of Olavi Liukkonen.
650 _aParticiple board
650 1 _aFiberboard
907 _a.b10165046
_b05-02-16
_c13-06-05
003
005 20230120153121.0
040 _cNUST
942 _cBOOKS
_kTS875 LIU
999 _c99072
_d99072